Identifica el proceso - Estadísticas

Estadísticas generales
  • Esta prueba ha sido intentada 9 veces
  • La puntuación promedio es 4 de 26
Estadísticas de respuestas
Imagen Respuesta % Correcto
Anafase
50%
Metafase
50%
Profase
50%
Telofase
50%
Anafase
25%
Interfase
25%
Metafase
25%
Metafase I
25%
Profase
25%
Prometafase
25%
Prometafase
25%
Anafase I
0%
Anafase II
0%
Cigoteno
0%
Diacinesis
0%
Diploteno
0%
Interfase meiotica
0%
Leptoteno
0%
Metafase I
0%
Metafase II
0%
Paquiteno
0%
Profase I
0%
Profase II
0%
Telofase
0%
Telofase I
0%
Telofase II
0%
No se encontraron pruebas coincidentes
Distribución de puntuación
Porcentaje de gente con cada puntuación
Porcentaje por número respondido
Historial de tus puntuaciones
No has intentado esta prueba.